000 00314nam a22001337a 4500
008 170407b xxu||||| |||| 00| 0 eng d
020 _a0850664330
041 _aeng
080 _a616
100 _a9
101 _aSHM
245 _aDISORDERS COMUNICATION THE SCIENCE INTERVETION
_cLEAHY.M.M
942 _2udc
_cBK
999 _c10270
_d10270